000 00368nam a2200121Ia 4500
008 160609s9999 xx 000 0 und d
100 _aMcLeod, Alison.
245 _aListening To Children: A Practitioner’s Guide
245 _cBy:Alison McLeod
260 _c2015
650 _xCHILD & ADOLESCENT DEVELOPMENT
856 _uhttp://file.ebook777.com/LisToChiAPraGui.pdf
999 _c295894
_d295894